Στοιχεία που πρέπει να έχει μια τηλεοπτική διαφήμιση για να θεωρηθεί επιτυχημένη από το καταναλωτικό κοινό : πτυχιακή εργασία

Αποθηκεύτηκε σε:
Λεπτομέρειες βιβλιογραφικής εγγραφής
Κύριος συγγραφέας: Βρεττάκος, Μιχαήλ
Συγγραφή απο Οργανισμό/Αρχή: Πανεπιστήμιο Αιγαίου Σχολή Επιστημών της Διοίκησης Τμήμα Διοίκησης Επιχειρήσεων - Τ.Δ.Ε
Άλλοι συγγραφείς: Χρήστου, Ευάγγελος Σ. (Εισηγητής διατριβής)
Μορφή: Thesis Βιβλίο
Γλώσσα:Greek
Δημοσίευση: 2007
Θέματα:
Διαθέσιμο Online:http://hdl.handle.net/11610/6379
Ετικέτες: Προσθήκη ετικέτας
Δεν υπάρχουν, Καταχωρήστε ετικέτα πρώτοι!

MARC

LEADER 00000cam a2200000 i 4500
001 1/47450
008 070704s2007 gre d
035 |l 10088647 
040 |a GR-MY-UA  |b gre  |e aacr 
041 0 |a gre 
082 0 |a 659.1  |2 (22) 
100 1 |a Βρεττάκος, Μιχαήλ. 
245 1 0 |a Στοιχεία που πρέπει να έχει μια τηλεοπτική διαφήμιση για να θεωρηθεί επιτυχημένη από το καταναλωτικό κοινό :  |b πτυχιακή εργασία /  |c Βρεττάκος Μιχαήλ ; επιβλέπων Χρήστου Εύαγγελος 
260 |c 2007 
300 |a 64 σ.;  |b διαγρ., πίν.;  |c 30 εκ. 
502 |a Πτυχιακή εργασία – Πανεπιστήμιο Αιγαίου, Χίος, 2007. 
504 |a Περιλαμβάνει βιβλιογραφία 
610 2 0 |a Πανεπιστήμιο Αιγαίου. 
650 0 0 |a Advertising  |x Social aspects. 
650 0 0 |a Mass media and public opinion. 
650 0 0 |a Dissertations, Academic  |z Greece. 
700 1 |4 ths  |a Χρήστου, Ευάγγελος Σ. 
710 1 |a Πανεπιστήμιο Αιγαίου  |b Σχολή Επιστημών της Διοίκησης  |b Τμήμα Διοίκησης Επιχειρήσεων - Τ.Δ.Ε. 
852 |a INST  |b CHIOS  |c DIATR  |e 20070704  |h 659.1 ΒΡΕ  |p 005200026183  |q 005200026183  |t DIE  |y 23 
852 |a INST  |b CHIOS  |c DIATR  |e 20070704  |h 659.1 ΒΡΕ  |p 005200026184  |q 005200026184  |t DIE  |y 23 
856 |u http://hdl.handle.net/11610/6379 
901 |a BIBL2-2007-2 
909 |a Χ  |b 131100 
909 |a Χ  |b 131099 
924 |a ΒΡΕΤΤΑΚΟΣ  |b ΜΙΧΑΗΛ  |y ΧΙΟΣ  |z 2007-06 
970 |a ΒΑΣΙΛΑΚΗ  |b ΝΙΚΗ  |z 2007/07/04